000 00865nam a2200277 a 4500
001 617
003 BD-RjUL
005 20211208233216.0
008 161203r19691962enk 001 0 eng d
035 _a(BD-RjUL)635
035 _a(OCoLC)654497
040 _aDLC
_cODaWU
_dFTaSU
_dUk
_dDLC
_dBD-RjUL
_beng
041 _aeng
082 _222
_a010.9
_bBII 1969
100 1 _aBinns, Norman E.
_91885
245 1 3 _aAn introduction to historical bibliography /
_cNorman E Binns.
250 _a2d ed., rev. and enl.
260 _aLondon :
_bAssociation of Assistant Librarians ,
_cc1962 [Reprinted 1969]
300 _a387 p. :
_billus. ;
_c22 cm.
504 _aIncludes bibliographical references and index..
650 0 _aBooks
_xHistory.
_91189
650 0 _aPrinting
_xHistory.
_91190
740 0 _aHistorical bibliography.
942 _2ddc
_cBK
999 _c617
_d617